Statistics for Nonsense Words #6

Click here to take the quiz!

General Stats

  • This quiz has been taken 61 times
    (46 since last reset)
  • The average score is 8 of 13

Answer Stats

Answer% Correct
Violindigo
90%
Josephobia
87%
Dominobody
85%
Caviartery
82%
Mexicousin
74%
Tarmactors
67%
Mimosafari
64%
Soviethnic
56%
Dakotahiti
49%
Vortexodus
46%
Elevenigma
44%
Angolagoon
41%
Webcambush
41%

Score Distribution

Percentile by Number Answered

Percent of People with Each Score

Your Score History

You have not taken this quiz since the last reset